|
|
|
|
| LEADER |
00578cam a2200205 a 4500 |
| 001 |
0000044098 |
| 005 |
19990610090000.0 |
| 040 |
|
|
|a mod
|
| 041 |
|
|
|a eng
|
| 020 |
0 |
0 |
|a T000017920
|
| 090 |
0 |
0 |
|a 909
|b LEO
|c f
|
| 100 |
1 |
1 |
|a Leonard
|h Jonathan Norton
|
| 245 |
1 |
0 |
|a Ancient America
|c Jonathan Norton Leonard
|
| 260 |
0 |
0 |
|a Nederland
|b Time-Life International
|c 1970
|
| 300 |
0 |
0 |
|a 192p.
|b ill.
|c 27cm
|
| 440 |
0 |
0 |
|a Great Ages of Man
|
| 650 |
0 |
0 |
|a Indians
|x Antiquities
|
| 651 |
0 |
0 |
|a America
|x Antiquities
|
| 852 |
0 |
0 |
|a 01
|
| 999 |
|
|
|a 0004571
|b KEMENTAH
|d BOOKS
|e Rujukan
|f Perpustakaan KEMENTAH
|j AVAILABLE
|q OLD
|